000 00609nam a22001817a 4500
005 20260209111848.0
008 260205b |||||||| |||| 00| 0 eng d
020 _a9781284110043
050 _aRT81.5
_b.H68 2018
100 _aHouser, Janet, 1954-
245 _aNursing research : reading, using, and creating evidence /
260 _aSudbury, Mass. :
_bJones and Bartlett Publishers,
_c2008.
300 _axxiv, 586 p. :
_bill. ;
_c23 cm.
500 _aIncludes bibliographical references and index.
650 _aNursing -Research - Methodology
650 _aEvidence-based nursing
942 _2lcc
_cBK
999 _c60144
_d60144